[Event "AUTO-OPEN-4499"]
[Site "http://www.queenalice.com/game.php?id=1828882"]
[Date "2024.1.9"]
[Round "1"]
[White "henriq19"]
[Black "CCapivara"]
[Result "0-1"]
[WhiteElo "2151"]
[BlackElo "2293"]

1. c4 e5 2. g3 d6 3. Bg2 f5 4. Nc3 Nf6 5. d3 Be7 6. Qc2 O-O 7. Nf3 c6 8. O-O Kh8
9. e3 Be6 10. b3 Nbd7 11. Bd2 Rc8 12. Kh1 Qe8 13. Ng5 Bg8 14. Rae1 Qh5 15. f4
Ng4 16. Nf3 Nc5 17. Kg1 Bf6 18. h3 Nh6 19. Kf2 Rce8 20. Re2 e4 21. dxe4 fxe4 22.
Ng1 Nd3+ 0-1

[Event "AUTO-OPEN-4499"]
[Site "http://www.queenalice.com/game.php?id=1828883"]
[Date "2024.1.9"]
[Round "1"]
[White "CCapivara"]
[Black "henriq19"]
[Result "1-0"]
[WhiteElo "2285"]
[BlackElo "2161"]

1. e4 e5 2. Nf3 Nc6 3. Bb5 a6 4. Bxc6 dxc6 5. O-O Bd6 6. h3 Ne7 7. d4 f6 8. dxe5
fxe5 9. Nbd2 O-O 10. Nc4 Be6 11. Ncxe5 Qe8 12. Nd3 Qg6 13. Ng5 Bd7 14. e5 Bxe5
15. Nxe5 Qf5 16. Nxd7 Rad8 17. Qe2 Rxd7 18. Qe6+ Qxe6 19. Nxe6 Rf6 20. Nc5 Rd4
21. Nxb7 Rg6 22. Nc5 Nf5 23. Nxa6 Nh4 24. g3 Nf3+ 25. Kg2 Nh4+ 26. Kh1 Nf3 27.
Be3 Rc4 28. c3 h5 29. Nxc7 h4 30. Kg2 Ne5 31. Rad1 hxg3 32. fxg3 Re4 33. Bf4
Re2+ 34. Rf2 Re4 35. Bxe5 Rxe5 36. Rd7 Reg5 37. g4 1-0

[Event "AUTO-MASTER-3198"]
[Site "http://www.queenalice.com/game.php?id=1829005"]
[Date "2024.1.11"]
[Round "1"]
[White "henriq19"]
[Black "attachui"]
[Result "0-1"]
[WhiteElo "2121"]
[BlackElo "2105"]

1. c4 Nf6 2. g3 g6 3. Bg2 Bg7 4. e3 O-O 5. Nf3 Nc6 6. O-O d5 7. cxd5 Nxd5 8. d4
e6 9. Bd2 e5 10. dxe5 Be6 11. e4 Nb6 12. Nc3 Nc4 13. Qc2 Nd4 14. Nxd4 Qxd4 15.
Rad1 Qxe5 16. Bf4 Qa5 17. a3 Nxa3 18. Nd5 Nxc2 0-1

[Event "AUTO-MASTER-3198"]
[Site "http://www.queenalice.com/game.php?id=1829006"]
[Date "2024.1.11"]
[Round "1"]
[White "attachui"]
[Black "henriq19"]
[Result "1-0"]
[WhiteElo "2087"]
[BlackElo "2134"]

1. d4 d5 2. c4 c6 3. Nf3 Nf6 4. Nc3 Bg4 5. h3 Bf5 6. g4 Bd7 7. Qb3 Qc7 8. Bg2 g6
9. Ne5 Bg7 10. cxd5 e6 11. Bf4 Qb6 12. dxc6 Nxc6 13. Qxb6 axb6 14. O-O Ke7 15.
Nc4 Nxd4 16. Rfd1 Nc2 17. Rac1 Nb4 18. Bd6+ Ke8 19. Bxb4 Bc6 20. Nd6+ Kf8 21.
Nf5+ 1-0

[Event "AUTO-MASTER-3198"]
[Site "http://www.queenalice.com/game.php?id=1829007"]
[Date "2024.1.11"]
[Round "1"]
[White "henriq19"]
[Black "Kapablanca"]
[Result "1/2-1/2"]
[WhiteElo "2153"]
[BlackElo "2051"]

1. c4 g6 2. g3 Bg7 3. Bg2 c6 4. Nf3 Nf6 5. O-O O-O 6. d4 d5 7. Nc3 Bg4 8. Ne5
Bf5 9. cxd5 cxd5 10. Bf4 Nc6 11. a3 Nxe5 12. Bxe5 a6 13. Rc1 Be6 14. Na4 Nd7 15.
Bxg7 Kxg7 16. Nc3 Nb6 17. b3 Qd7 18. e4 Rab8 19. e5 Bh3 20. Ne2 Bxg2 21. Kxg2
Rbc8 22. Qd3 Rc6 23. a4 Rfc8 24. Rxc6 Rxc6 25. h3 e6 26. Qf3 Qe7 27. Rc1 Rxc1
28. Nxc1 Nd7 29. Ne2 f6 30. exf6+ 1/2-1/2

[Event "AUTO-MASTER-3198"]
[Site "http://www.queenalice.com/game.php?id=1829008"]
[Date "2024.1.11"]
[Round "1"]
[White "Kapablanca"]
[Black "henriq19"]
[Result "1-0"]
[WhiteElo "2002"]
[BlackElo "2150"]

1. d4 d5 2. c4 c6 3. Nc3 Nf6 4. e3 Bf5 5. Bd3 e6 6. Nf3 Bg4 7. O-O Be7 8. c5 O-O
9. h3 Bh5 10. g4 Bg6 11. Ne5 Nbd7 12. f4 Nxe5 13. fxe5 Nd7 14. Ne2 h5 15. Ng3
Bxd3 16. Qxd3 hxg4 17. hxg4 Bh4 18. Kg2 g6 19. Rh1 Kg7 20. e4 Rh8 21. Be3 Qc7
22. Ne2 Rag8 23. Raf1 Kf8 24. Rf3 Ke8 25. Rfh3 g5 26. Bxg5 Rxg5 27. Rxh4 Rxh4
28. Rxh4 Nf8 29. exd5 exd5 30. Kf3 Ke7 31. Nf4 b6 32. b4 b5 33. Qe3 Qd7 34. Nh5
Ne6 35. Nf6 Qc8 36. Kg3 Rg6 37. Rh5 Ng7 38. Rg5 Kd8 39. Rxg6 fxg6 40. Qh6 Ne6
41. Qxg6 Nxd4 42. Qe8+ Kc7 43. Qe7+ Kb8 44. Nd7+ Ka8 45. e6 Qg8 46. Qf8+ Qxf8
47. Nxf8 Ne2+ 48. Kf2 1-0

[Event "AUTO-OPEN-4579"]
[Site "http://www.queenalice.com/game.php?id=1853186"]
[Date "2025.3.3"]
[Round "1"]
[White "SGF"]
[Black "henriq19"]
[Result "0-1"]
[WhiteElo "1691"]
[BlackElo "2073"]

1. e4 c5 2. Qf3 Nc6 3. c3 Qc7 4. Bc4 Ne5 5. Qg3 Qd6 6. d3 Nxc4 7. dxc4 Qxg3 8.
hxg3 e5 9. Nf3 d6 10. b4 Be6 11. Nbd2 Nf6 12. b5 h6 13. a4 b6 14. a5 bxa5 15.
Rxa5 Be7 16. b6 O-O 17. b7 Rab8 18. Rxa7 Bd7 19. Nb3 Bd8 20. O-O Bc6 21. Na5
Bxa5 22. Rxa5 Rxb7 23. Nd2 Bxe4 24. f3 Bd3 25. Re1 Nh5 26. Ne4 Bxe4 27. Rxe4
Nxg3 28. Re1 Rb1 29. Kf2 Nf5 30. g4 Ne7 31. Rb5 Rxb5 32. cxb5 Rb8 33. c4 Nc8 34.
Bd2 Nb6 35. Rc1 Ra8 36. Ke3 Ra3+ 37. Ke4 f6 38. f4 exf4 39. Bxf4 Ra4 40. Bxd6
Nxc4 41. Kd5 Nd2 42. Bxc5 Nb3 43. Rb1 Nd2 44. Rb2 Nc4 45. Rb3 Kf7 46. Bb4 Ne5
47. b6 Ra6 48. Bc3 Nd7 49. Kc6 Rxb6+ 50. Rxb6 Nxb6 51. Kxb6 Kg6 52. Kc6 Kg5 53.
Kd6 Kxg4 54. Ke6 h5 55. Kf7 h4 56. Kxg7 f5 57. Kg6 f4 58. Be1 h3 59. Bf2 h2 60.
Kf6 h1=Q 61. Ke5 Qf3 62. Bd4 Qe2+ 63. Kd5 f3 64. Kc5 f2 65. Bxf2 Qxf2+ 66. Kd5
Qe2 67. Kd4 Kf4 68. Kd5 Qe4+ 69. Kc5 Ke5 70. Kb5 Qc2 71. Kb4 Kd5 72. Kb5 Qb2+
73. Ka6 Kc6 74. Ka5 Qb5# 0-1

[Event "AUTO-OPEN-4579"]
[Site "http://www.queenalice.com/game.php?id=1853187"]
[Date "2025.3.3"]
[Round "1"]
[White "henriq19"]
[Black "SGF"]
[Result "0-1"]
[WhiteElo "2089"]
[BlackElo "1694"]

1. e4 e5 2. Nf3 Qf6 3. Nc3 c6 4. Be2 d6 5. O-O Be7 6. d3 Qg6 7. Qd2 Bh3 8. Ng5
Bxg5 9. Qxg5 Qxg5 10. Bxg5 Be6 11. f4 f6 12. Bh4 exf4 13. Rxf4 g5 14. Bh5+ Ke7
15. Bxg5 fxg5 16. Rf2 g4 17. Raf1 Nd7 18. a4 Ngf6 19. e5 Nxh5 20. exd6+ Kxd6 21.
Ne4+ Kd5 22. Ng5 Raf8 23. Nxe6 Kxe6 24. Re2+ Kd6 25. Rfe1 Nc5 26. a5 Nf4 27. Re3
h5 28. b4 Na4 29. Re4 Nc3 30. Rd4+ Kc7 31. Re7+ Kb8 32. Kf2 Ne6+ 33. Ke3 Nxd4
34. Kxd4 Nd5 35. Rg7 Nxb4 36. Kc3 Nd5+ 37. Kd2 Rf2+ 38. Kd1 Ne3+ 39. Ke1 Rxc2
40. Re7 Nxg2+ 41. Kd1 Ra2 42. Re5 Rf8 0-1

[Event "AUTO-OPEN-4584"]
[Site "http://www.queenalice.com/game.php?id=1854607"]
[Date "2025.3.27"]
[Round "1"]
[White "henriq19"]
[Black "hjs50667"]
[Result "0-1"]
[WhiteElo "2073"]
[BlackElo "2279"]

1. e4 e6 2. Nf3 c5 3. d4 cxd4 4. Nxd4 Nc6 5. Nb3 Nf6 6. Nc3 d6 7. Bg5 Qb6 8. Qd2
Be7 9. O-O-O O-O 10. f4 a6 11. h4 d5 12. e5 Nd7 13. Bxe7 Nxe7 14. g4 f6 15. h5
fxe5 16. fxe5 Nxe5 17. Qg5 Qc7 18. h6 N7g6 19. Bd3 Nxd3+ 20. Rxd3 Qf4+ 21. Qxf4
Rxf4 22. Rd4 Rxd4 23. Nxd4 Bd7 24. hxg7 Kxg7 25. g5 Rf8 26. b3 e5 27. Nde2 d4
28. Ne4 Bc6 29. N2g3 Rf3 30. Nh5+ Kf8 31. Nhf6 Rxf6 32. gxf6 Bxe4 33. Re1 Bf3
34. Kd2 e4 35. c3 d3 0-1

[Event "AUTO-OPEN-4584"]
[Site "http://www.queenalice.com/game.php?id=1854608"]
[Date "2025.3.27"]
[Round "1"]
[White "hjs50667"]
[Black "henriq19"]
[Result "1-0"]
[WhiteElo "2228"]
[BlackElo "2079"]

1. e4 c5 2. Nf3 e6 3. d4 Nc6 4. Nc3 Be7 5. Bc4 a6 6. O-O Qc7 7. d5 exd5 8. exd5
Na5 9. Bd3 Nf6 10. Re1 Qd6 11. Nh4 b5 12. Nf5 1-0

[Event "AUTO-OPEN-4584"]
[Site "http://www.queenalice.com/game.php?id=1854609"]
[Date "2025.3.27"]
[Round "1"]
[White "henriq19"]
[Black "CCapivara"]
[Result "0-1"]
[WhiteElo "2084"]
[BlackElo "2220"]

1. e4 d6 2. Nf3 Nf6 3. Nc3 Bg4 4. d4 Nbd7 5. Be2 e5 6. d5 Be7 7. O-O O-O 8. Bg5
Nc5 9. b4 Ncxe4 10. Nxe4 Nxe4 11. Bxe7 Qxe7 12. Qd3 Nf6 13. Ng5 Bxe2 14. Qxe2
Nxd5 15. Nxh7 Nf4 16. Qe4 f5 17. Qf3 Kxh7 18. g3 Ne6 19. Qh5+ Kg8 20. Rae1 e4
21. Rd1 Rf6 22. Rd5 Raf8 23. Qh4 f4 24. Rh5 fxg3 25. Rh8+ Kf7 26. Qh5+ g6 27.
Rh7+ Ng7 28. Qd5+ Qe6 29. Qxb7 gxf2+ 30. Kh1 Kg8 31. Rh4 e3 32. Re4 Qh3 33. Qd5+
Kh7 0-1

[Event "AUTO-OPEN-4584"]
[Site "http://www.queenalice.com/game.php?id=1854610"]
[Date "2025.3.27"]
[Round "1"]
[White "CCapivara"]
[Black "henriq19"]
[Result "1-0"]
[WhiteElo "2202"]
[BlackElo "2096"]

1. e4 c5 2. Nf3 e6 3. d4 Be7 4. Nc3 a6 5. a3 Nf6 6. Be2 O-O 7. O-O cxd4 8. Nxd4
e5 9. Nf5 d6 10. Bg5 Nc6 11. Nxe7+ Nxe7 12. Bxf6 gxf6 13. Bg4 Kh8 14. Bxc8 Rxc8
15. Qf3 Ng6 16. Rad1 Rg8 17. g3 Nh4 18. Qd3 Qd7 19. f4 Qh3 20. Rd2 Rg6 21. fxe5
Rcg8 22. exd6 Rxg3+ 23. hxg3 Rxg3+ 24. Kf2 Rxd3 25. Rxd3 Qg2+ 26. Ke1 Qxc2 27.
Rd2 Qc1+ 28. Ke2 1-0

[Event "AUTO-OPEN-4584"]
[Site "http://www.queenalice.com/game.php?id=1854611"]
[Date "2025.3.27"]
[Round "1"]
[White "henriq19"]
[Black "Pipo712"]
[Result "1-0"]
[WhiteElo "2069"]
[BlackElo "2020"]

1. e4 c5 2. Nf3 d6 3. d4 cxd4 4. Nxd4 Nf6 5. Nc3 a6 6. Be3 e5 7. Nb3 Be7 8. Qd2
Be6 9. f4 Qc7 10. f5 Bc4 11. Bxc4 Nbd7 12. O-O-O Qxc4 13. h3 b5 14. Qd3 Qxd3 15.
Rxd3 Rc8 16. g4 b4 17. Ne2 Nxe4 18. h4 Ndc5 19. Nxc5 Nxc5 20. Bxc5 dxc5 21. g5
f6 22. gxf6 1-0

[Event "AUTO-OPEN-4584"]
[Site "http://www.queenalice.com/game.php?id=1854612"]
[Date "2025.3.27"]
[Round "1"]
[White "Pipo712"]
[Black "henriq19"]
[Result "0-1"]
[WhiteElo "2006"]
[BlackElo "2083"]

1. e4 c5 2. Nc3 e6 3. Nge2 Nc6 4. g3 a6 5. a4 Be7 6. Bg2 Nf6 7. d3 d5 8. exd5
exd5 9. O-O O-O 10. d4 Bg4 11. h3 Bh5 12. g4 Bg6 13. Be3 cxd4 14. Nxd4 Rc8 15.
h4 h6 16. g5 hxg5 17. hxg5 Nh7 18. f4 Nxd4 19. Bxd4 Bc5 20. f5 Bxd4+ 21. Qxd4
Rc4 22. Qxd5 Rd4 0-1

[Event "AUTO-OPEN-4614"]
[Site "http://www.queenalice.com/game.php?id=1862873"]
[Date "2025.9.11"]
[Round "1"]
[White "henriq19"]
[Black "bmax"]
[Result "0-1"]
[WhiteElo "2074"]
[BlackElo "2241"]

1. e4 c6 2. d4 d5 3. e5 Bf5 4. Nf3 e6 5. Be2 c5 6. Be3 cxd4 7. Nxd4 Bc5 8. O-O
Bxd4 9. Bxd4 Nc6 10. Bb5 Ne7 11. Re1 O-O 12. Be3 Nxe5 13. Bd4 N5c6 14. Nc3 a6
15. Bf1 Bxc2 16. Qxc2 Nxd4 17. Qd3 Nef5 18. Rac1 Rc8 19. Qh3 Qg5 20. f4 Qxf4 21.
Rcd1 Nc2 22. Re2 Nce3 23. Rde1 d4 24. Rf2 Qh4 25. Qxh4 Nxh4 26. Ne4 Rc7 27. Rf4
Nhf5 28. Bd3 e5 29. Rf3 Rfc8 30. g4 Nh4 31. Rh3 Nhg2 32. Rb1 Nf4 33. Nd6 Nxh3+
34. Kh1 Rc1+ 35. Bf1 Rxb1 0-1

[Event "AUTO-OPEN-4614"]
[Site "http://www.queenalice.com/game.php?id=1862875"]
[Date "2025.9.11"]
[Round "1"]
[White "henriq19"]
[Black "IranSilva"]
[Result "0-1"]
[WhiteElo "2057"]
[BlackElo "2269"]

1. e4 e5 2. Nf3 Nc6 3. Bb5 a6 4. Ba4 b5 5. Bb3 Na5 6. c3 Nxb3 7. Qxb3 d6 8. d4
Be6 9. d5 Bg4 10. Nbd2 g6 11. O-O Bg7 12. h3 Bd7 13. Re1 Ne7 14. Nf1 O-O 15. Bg5
h6 16. Bh4 Qe8 17. Qc2 f5 18. Rad1 g5 19. Bxg5 hxg5 20. Nxg5 Ng6 21. Qe2 Nf4 22.
Qf3 Qg6 23. h4 fxe4 24. Nxe4 Nh3+ 25. Kh2 Rxf3 0-1

[Event "AUTO-OPEN-4614"]
[Site "http://www.queenalice.com/game.php?id=1862876"]
[Date "2025.9.11"]
[Round "1"]
[White "IranSilva"]
[Black "henriq19"]
[Result "0-1"]
[WhiteElo "2275"]
[BlackElo "2049"]

1. Nf3 d5 2. d4 Nf6 3. c4 c6 4. Nc3 Bg4 5. e3 Nbd7 6. cxd5 cxd5 7. Be2 e6 8. O-O
a6 9. h3 Bh5 10. Bd2 Bd6 11. Rc1 O-O 12. a3 b5 13. b4 Nb6 14. Bd3 Nc4 15. Nb1
Nb2 16. Qe2 Nxd3 17. Qxd3 Bxf3 18. gxf3 Nh5 19. f4 Qh4 20. Kh2 Kh8 21. Be1 f5
22. f3 Qf6 23. Nd2 Rg8 24. Rc6 Qe7 25. Nb3 g5 26. Bd2 gxf4 27. e4 Qg5 0-1